Loading...
| History - European | 0 | 8 | 0 | 0 | 80 | 12 | 62.88 | 3 | 5 | 0.00 | 0.00 |
| Fine Arts - Classical Music | 0 | 7 | 1 | 1 | 65 | 25 | 55.00 | 5 | 7 | 0.00 | 0.00 |
| History - Other | 0 | 8 | 3 | 0 | 65 | 26 | 70.00 | 5 | 7 | 0.00 | 0.00 |
| Fine Arts - Painting and Sculpture | 0 | 5 | 1 | 0 | 45 | 71 | 78.20 | 3 | 5 | 0.00 | 0.00 |
| Mythology | 0 | 5 | 1 | 0 | 45 | 25 | 65.40 | 3 | 4 | 0.00 | 0.00 |
| Religion | 0 | 5 | 2 | 1 | 40 | 28 | 83.60 | 2 | 3 | 0.00 | 0.00 |
| History - American | 0 | 4 | 1 | 1 | 35 | 69 | 93.50 | 0 | 3 | 0.00 | 0.00 |
| Social Science | 0 | 3 | 0 | 1 | 30 | 56 | 89.00 | 0 | 1 | 0.00 | 0.00 |
| Fine Arts - Other | 0 | 3 | 1 | 0 | 25 | 65 | 74.33 | 1 | 3 | 0.00 | 0.00 |
| Philosophy | 0 | 2 | 0 | 0 | 20 | 46 | 65.00 | 0 | 2 | 0.00 | 0.00 |
| Literature - British | 0 | 2 | 0 | 0 | 20 | 63 | 73.00 | 0 | 0 | 0.00 | 0.00 |
| History - World | 0 | 3 | 2 | 1 | 20 | 34 | 69.00 | 2 | 2 | 0.00 | 0.00 |
| Science - Other | 0 | 2 | 0 | 0 | 20 | 26 | 45.00 | 2 | 2 | 0.00 | 0.00 |
| Literature - American | 0 | 1 | 0 | 0 | 10 | 35 | 35.00 | 0 | 1 | 0.00 | 0.00 |
| Literature - European | 0 | 1 | 0 | 0 | 10 | 108 | 108.00 | 0 | 1 | 0.00 | 0.00 |
| Literature - World | 0 | 0 | 1 | 0 | -5 | 0.00 | 0 | 0 | 0.00 | 0.00 |